000 00256nam a2200097Ia 4500
001 643409
005 20250826153545.0
008 250824s9999 xx 000 0 und d
245 0 _aÇALI SÜPÜRGESİ NİN SAHİBİ
_cMEHMET BALTAOĞLU
260 _bGENÇ TİMAŞ
999 _c643409
_d643409